Vybrané problémy hospodárskej informatiky monografický zborník vedeckých statí recenzovaný, nekonferenčný, zameraný na problémy hospodárskej informatiky
Guardado en:
| Autor Corporativo: | |
|---|---|
| Otros Autores: | , , , , |
| Formato: | Libro |
| Lenguaje: | eslovaco checo inglés |
| Publicado: |
Bratislava
Vydavateľstvo EKONÓM
2010
|
| Materias: | |
| Etiquetas: |
Sin Etiquetas, Sea el primero en etiquetar este registro!
|
MARC
| LEADER | 00000nlm$a2200000$$$4500 | ||
|---|---|---|---|
| 001 | 0124117 | ||
| 005 | 20240502072412.6 | ||
| 020 | |a 978-80-225-3110-8 | ||
| 041 | 0 | |a slo | |
| 041 | 0 | |a cze | |
| 041 | 0 | |a eng | |
| 044 | |a SK | ||
| 245 | 1 | 0 | |a Vybrané problémy hospodárskej informatiky |b monografický zborník vedeckých statí recenzovaný, nekonferenčný, zameraný na problémy hospodárskej informatiky |c Zostavili: Martin Blahušiak, Michal Grell, Miroslav Kršjak |
| 264 | 1 | |a Bratislava |b Vydavateľstvo EKONÓM |c 2010 | |
| 300 | |a CD-ROM | ||
| 610 | 2 | 0 | |a informatika ekonomická |
| 610 | 2 | 0 | |a technológie informačné |
| 610 | 2 | 0 | |a technológie komunikačné |
| 610 | 2 | 0 | |a Slovensko |
| 610 | 2 | 0 | |a Česko |
| 610 | 2 | 0 | |a teória systémov informačných |
| 610 | 2 | 0 | |a podnikanie elektronické |
| 610 | 2 | 0 | |a systémy informačné |
| 610 | 2 | 0 | |a systémy informačné podnikové |
| 610 | 2 | 0 | |a algoritmy |
| 700 | 1 | |a Blahušiak, Martin | |
| 700 | 1 | |a Grell, Michal | |
| 700 | 1 | |a Kršjak, Miroslav | |
| 700 | 1 | |a Pinda, Ľudovít, 1958- | |
| 700 | 1 | |a Praženka, Dušan, 1942- | |
| 710 | 2 | |a Fakulta hospodárskej informatiky EU. Katedra aplikovanej informatiky | |